00436nam a2200109 4500008004100000100002600041245018900067260000900256300001500265650003100280773001500311190616b ||||| |||| 00| 0 eng d aMaxwell, Douglas S.K. aBroadening the human rights discourse , realising socio-economic rights, and balancing rights to property: moving beyond the rhetoric of socio- economic rights and Scottish land reform c2019 ap.121-145. aJurisprudence - Scottland  aPublic Law